000 00486nam a22001697a 4500
003 NUST
005 20260209155546.0
008 260209b ||||| |||| 00| 0 eng d
020 _a978-0134897332
082 _a621.36780951
100 _a John R. Jensen
_9133144
245 _aRemote Sensing of the Environment: An Earth Resource Perspective /
_c John R. Jensen
260 _aSingapore:
_bPearson College Div,
_c2000.
300 _a544 p ;
563 _aPaperback
942 _2ddc
_cBK
999 _c616156
_d616156